00923cam a2200241 a 450000100100000000500170001000800410002702000150006804000230008308200180010610000390012424500710016326000370023430000210027150000110029265000290030365000310033270000760036380000710043991000340051095201220054499900150066600001008020200929161832.0790530s1978 sp 000 0 spa  a8432295256 aDO-SdBNPcDLCdDLC a861.62bA334s1 aAlberti, Rafael,d1902-1999.9916310aSignos del día :bla primavera de los pueblos /cRafael Alberti. aBarcelona :bSeix Barral,c1978. a188 p. ;c20 cm. aPoems. 4aPoesía española9631 4aLiteratura española963212aAlberti, Rafael,d1902-1999.tLa primavera de los pueblos. 1978.9250601 aAlberti, Rafael,d1902-1999.tObras de Rafael Alberti ;v5.925061 aCatalogación por copia / LC 001052708MOaGRbGRcCTd2009-10-03iLF1l0o861.62 A334sp10080-10r2020-06-25w2020-06-25y2ZPréstamo interno c9839d9839